| 000 | 00583 a2200157 4500 | ||
|---|---|---|---|
| 020 | _a0870311468 | ||
| 082 | _a620.136 ACI | ||
| 245 |
_aEighth CANMET/ACI International Conference on Fly Ash, Silica Fume, Slag and Natural Pozzolans in Concrete / _ceditor, V. Mohan Malhotra. |
||
| 260 |
_aFarmington Hills, Mich. : _bAmerican Concrete Institute, _cc2004. |
||
| 300 |
_aix, 963 p. : _bill. ; _c23 cm. |
||
| 650 |
_aConcrete _xCongresses. |
||
| 650 |
_aFly ash _xCongresses. |
||
| 650 |
_aSilica fume _xCongresses. |
||
| 650 |
_aPozzuolanas _xCongresses. |
||
| 650 |
_aSlag _xCongresses. |
||
| 830 | 0 | _aPublication SP ; | |
| 999 |
_c851 _d851 |
||